Sex, religion, media / (Record no. 5924)
[ view plain ]
| 000 -LEADER | |
|---|---|
| fixed length control field | 00747cam a22002292 4500 |
| 001 - CONTROL NUMBER | |
| control field | 0000002577 |
| 005 - DATE AND TIME OF LATEST TRANSACTION | |
| control field | 20151217151859.0 |
| 008 - FIXED-LENGTH DATA ELEMENTS--GENERAL INFORMATION | |
| fixed length control field | 070416s xx 000 0 eng d |
| 020 ## - INTERNATIONAL STANDARD BOOK NUMBER | |
| International Standard Book Number | 0742515583 : |
| Terms of availability | KES 1,800 |
| 040 ## - CATALOGING SOURCE | |
| Original cataloging agency | KABU |
| Transcribing agency | KABU |
| 050 #0 - LIBRARY OF CONGRESS CALL NUMBER | |
| Classification number | P94 |
| Item number | .S49 |
| 245 10 - TITLE STATEMENT | |
| Title | Sex, religion, media / |
| Statement of responsibility, etc. | edited by Dane S. Claussen. |
| 260 ## - PUBLICATION, DISTRIBUTION, ETC. (IMPRINT) | |
| Place of publication, distribution, etc. | Lanham, Md : |
| Name of publisher, distributor, etc. | Rowman & Littlefield, |
| Date of publication, distribution, etc. | c2002. |
| 300 ## - PHYSICAL DESCRIPTION | |
| Extent | xviii, 295 p. : |
| Other physical details | ill. ; |
| Dimensions | 24 cm. |
| 504 ## - BIBLIOGRAPHY, ETC. NOTE | |
| Bibliography, etc | Includes bibliographical references and index. |
| 650 #0 - SUBJECT ADDED ENTRY--TOPICAL TERM | |
| Topical term or geographic name as entry element | Mass media |
| General subdivision | Moral and ethical aspects. |
| -- | 0000151978 |
| 650 #0 - SUBJECT ADDED ENTRY--TOPICAL TERM | |
| Topical term or geographic name as entry element | Sex in mass media. |
| -- | 0000151979 |
| 700 1# - ADDED ENTRY--PERSONAL NAME | |
| Personal name | Claussen, Dane S. |
| -- | 0000151980 |
| 908 ## - PUT COMMAND PARAMETER (RLIN) | |
| Put command parameter | 070416 |
| 950 ## - LOCAL HOLDINGS (RLIN) | |
| -- | 1 |
| Withdrawn status | Lost status | Source of classification or shelving scheme | Not for loan | Home library | Current library | Date acquired | Total Checkouts | Full call number | Barcode | Date last seen | Price effective from | Koha item type |
|---|---|---|---|---|---|---|---|---|---|---|---|---|
| Library of Congress Classification | Kabarak, Main Campus | Kabarak, Main Campus | 17/12/2015 | P94 .S49 | 007913 | 17/12/2015 | 17/12/2015 | General Collection |